000
00210 a2200097 4500
001
47346
100
_a
Ash B
245
_a
Someone had blundered
260
_a
London
_b
Michael Joseph
_c
090
_c
30381
_d
30381
942
_a
NUST-CAE
_c
M
_c
22649
999
_c
282419
_d
282419